Catalog

Record Details

Catalog Search



Available copies

  • 1 of 1 copy available at LARL/NWRL Consortium.
  • 1 of 1 copy available at Northwest Regional Library. (Show preferred library)

Current holds

0 current holds with 1 total copy.

Show Only Available Copies
Location Call Number / Copy Notes Barcode Shelving Location Status Due Date
Red Lake Falls Public Library j SHA (Text) 35500004437057 Main Available -

Record details

  • ISBN: 0316156272
  • Physical Description: 292 p. ; 22 cm.
  • Edition: 1st U.S. ed.
  • Publisher: New York : Little, Brown, 2005.

Content descriptions

General Note:
"Cirque Du Freak."
Summary, etc.:
The lives of Darren and Harkat are at risk as they ... Read More
Subject: Vampires > Fiction.
Horror stories.
LDR 01150cam a22003258a 4500
00161511
003LARL_NWRL_CONSORTIUM
00520050823103437.0
008041018r20052003nyu j 000 1 eng
020 . ‡a0316156272
035 . ‡a(OCoLC)57002015
042 . ‡alcac
08200. ‡a[Fic] ‡222
1001 . ‡aShan, Darren. ‡0(LARL_NWRL_CONSORTIUM)135575
24514. ‡aThe Lake of Souls ‡n#10 / ‡cby Darren Shan.
250 . ‡a1st U.S. ed.
260 . ‡aNew York : ‡bLittle, Brown, ‡c2005.
300 . ‡a292 p. ; ‡c22 cm.
4900 . ‡aSaga of Darren Shan ; ‡vbk. 10
500 . ‡a"Cirque Du Freak."
520 . ‡aThe lives of Darren and Harkat are at risk as they face monstrous obstacles on a desperate quest to the Lake of Souls.
650 1. ‡aVampires ‡vFiction. ‡0(LARL_NWRL_CONSORTIUM)167805
650 1. ‡aHorror stories. ‡0(LARL_NWRL_CONSORTIUM)176036
901 . ‡a61511 ‡bOCLC ‡c61511 ‡tbiblio

Additional Resources